Kendrick Lamar Outros - Statistics

General Stats
  • This quiz has been taken 67 times
  • The average score is 5 of 8
Answer Stats
Album Song % Correct
DAMN. DUCKWORTH.
98%
To Pimp A Butterfly Mortal Man
91%
good kid, m.A.A.d city Compton
84%
untitled unmastered. untitled 08 | 09.06.2014.
82%
Mr. Morale & The Big Steppers Mirror
74%
Section.80 HiiiPower
67%
Black Panther Pray For Me
23%
Overly Dedicated She Needs Me (Remix)
19%
No matching quizzes found
Score Distribution
Percent of People with Each Score
Percentile by Number Answered
Your Score History
You have not taken this quiz